| 000 | 00627nam a2200181 i 4500 | ||
|---|---|---|---|
| 001 | 143275 | ||
| 003 | ES-MaACL | ||
| 005 | 20230906200752.0 | ||
| 007 | t| | ||
| 008 | 070214s1933 fr |||| |bfre d | ||
| 100 | 1 |
_aSencourt, Robert. _9105439 |
|
| 245 | 1 | 3 |
_aLa vie de l'impératrice Eugénie / _cRobert Sencourt ; traduit de l'anglais par Jeanne Fournier-Pargoire. |
| 260 |
_aParis : _b[s.n.], _c1933 ( _fImp. Moderne) |
||
| 300 |
_a411 p. ; _c19 cm. |
||
| 600 | 0 | 4 |
_aEugenia _cEmperatriz consorte de Napoleón III, Emperador de Francia. _948322 |
| 700 | 1 |
_aFournier-Pargoire, Jeanne. _951995 |
|
| 852 |
_aES-MaACL _jA-3776 |
||
| 999 |
_c143275 _d143275 |
||